Vicente Guerrero : carta geológica /

Carta de la región circundante a Vicente Guerrero, Durango, en el límite entre los estados de Durango y Zacatecas. Cubre la zona comprendida, al oriente, por San Martín; al sur, Gualterio; al norte Villa Insurgentes, todas ellas localidades zacatecanas; y al poniente, Villa Guerrero.

Furkejuvvon:
Bibliográfalaš dieđut
Searvvušdahkki: México. Secretaría de Programación y Presupuesto. Comisión de Estudios del Territorio Nacional
Materiálatiipa: Gárta
Ráidu:(Carta Geológica)
Fáttát:
Fáddágilkorat: Lasit fáddágilkoriid
Eai fáddágilkorat, Lasit vuosttaš fáddágilkora!

MARC

LEADER 00000nem^a2200000^a^4500
001 000068714
005 20250521000000.0
009 20260310091339.253
037 |a Acervo ITESO - Biblioteca 
041 |a GRA 
093 |a F-13-B-24 
110 |a México.  |b Secretaría de Programación y Presupuesto. Comisión de Estudios del Territorio Nacional 
240 1 1 |a [Vicente Guerrero, materiales cartográficos] 
245 1 0 |a Vicente Guerrero :  |b carta geológica /  |c CETENAL. 
255 |a Escala 1 : 50 000 ;  |b Proyección Universal Transversa de Mercator 
264 |a México :  |b Comisión de Estudios del Territorio Nacional,  |c 1979 
300 |a 1 mapa 
336 |a imagen cartográfica estática  |b cri  |2 rdacontenido 
337 |a sin mediación  |b n  |2 rdamedio 
338 |a mapa  |b nz  |2 rdasoporte 
440 1 |a (Carta Geológica) 
520 |a Carta de la región circundante a Vicente Guerrero, Durango, en el límite entre los estados de Durango y Zacatecas. Cubre la zona comprendida, al oriente, por San Martín; al sur, Gualterio; al norte Villa Insurgentes, todas ellas localidades zacatecanas; y al poniente, Villa Guerrero. 
522 |a Composición geológica predominante: rocas ígneas y rocas sedimentarias 
522 |a Carta formada por métodos fotogramétricos a partir de fotografías obtenidas en 1969 
546 |a Edición gráfica con texto en español 
649 |a XX 
650 |a Topografía -  |z México 
650 |a Vicente Guerrero, Durango -  |x Mapas 
650 |a Súchil, Durango -  |x Mapas 
650 |a Gualterio, Zacatecas -  |x Mapas 
650 |a Villa Insurgentes, Zacatecas -  |x Mapas 
650 |a Ojo de Agua, Zacatecas -  |x Mapas 
650 |a Zacatecas -  |x Mapas 
650 |a Durango -  |x Mapas 
650 |a México -  |x Mapas 
910 |a Fondo General 
920 |a Gráficos - Mapas 
905 |a 503 
901 |a 0900072430  |b IT2  |c MAP  |u 20250521 
902 |a https://opac.biblio.iteso.mx/vufind/Record/000068714